000 00304nam a22001337a 4500
008 210304b ||||| |||| 00| 0 eng d
020 _a9780471741534
041 _aeng
080 _212th
_a541
100 _a12
101 _aKIM
245 _aFoubdations of College Chemistry
_cHein,M
942 _2udc
_cBK
999 _c55769
_d55769